| 000 | 00722nam a2200193Ia 4500 | ||
|---|---|---|---|
| 003 | GCL | ||
| 008 | 140319s9999 xx 000 0 ara d | ||
| 040 |
_aGCL / _cGCL |
||
| 082 | 0 | 4 |
_a920.7 _bزا |
| 100 | 1 | _aالزركلى، خيرالدين | |
| 245 | 1 | 0 |
_aالاعلام : _bقاموس تراجم لاشهر الرجال والنساء من العرب والمستعربين والمستشرفين / _cالزركلى، خيرالدين |
| 260 |
_aبيروت : _bدار العلم للملايين ، _c1990 |
||
| 300 |
_a8 مج ؛ _c26 سم |
||
| 490 | _a | ||
| 650 | 0 | 4 | _aالاستشراق والمستشرقون |
| 650 | 0 | 4 | _aالرجال - تراجم |
| 650 | 0 | 4 | _aالنساء - تراجم |
| 942 |
_2ddc _cREF |
||
| 999 |
_c59638 _d59638 |
||